01902nam a2200361 4500001000400000003000400004005001700008008004100025020001500066040000800081041001300089082001500102100003600117240007100153245014200224260003400366300001100400490004500411520077400456650002301230650003001253650002201283650001301305650001501318650001601333650001001349655001201359655001601371700003601387700003601423700003601459830004501495218OSt20250528074015.0250203b |||||||g |||| 00| 1 eng d a8500012900 bpor hengapor a823bD754s1 aDoyle, Arthur Conan,d1859-1930 aThe valley of fear, His last bow, The case book of Sherlock Holmes aSherlock Holmes, Volume III /cDoyle, Arthur Conan ; Tradução de Luiz Orlando C. Lemos, Adailton J. Chiaradia e Miriam Ribeiro Güth aRio de JaneirobEdiouroc2002 a511 p.1 aObra completa / Sherlock Holmesvvol. 03 aNeste volume: O Vale do Medo, Os Últimos Casos de Sherlock Holmes (contos) e Histórias de Sherlock Holmes (contos). Os fatos são contundentes. O povo tomou conta de Holmes. Chegou a crer na sua existência. Nenhum personagem de ficção tem no mundo mais vasta bibliografia, com toda uma gama de estudos, dos mais ingênuos aos mais eruditos; ninguém, fictício ou real, foi alvo de tantas representações teatrais, cinematográficas, em histórias em quadrinhos, em palavras cruzadas, em seriados de TV; ninguém multiplicou um gênero (literatura policial) em proporções de tiragens tão astronômicas. Os "holmistas" existiram desde a primeira hora e continuam surgindo no fluir das gerações. Holmes não tem leitores, tem devotos. 0aLiteratura Inglesa 0aCrime e Investigação  0aRomance Policial  0aSuspense 0aMistério 0aClássicos 0aFilme 0aRomance 0aFicção  aLuiz Orlando C. LemoseTradutor aAdailton J. ChiaradiaeTradutor aMiriam Ribeiro GütheTradutor aObra completa / Sherlock Holmesvvol. 03